000 00561pab a2200193 454500
008 180718b2013 xxu||||| |||| 00| 0 eng d
100 _aZhu, Jiangnan
245 _aWhen Grapevine News Meets Mass Media: Different information sources and popular perceptions of government corruption in Mainland China
260 _c2013
300 _ap.920-946.
362 _aAug
650 _aCorruption - China
650 _aCorruption
700 _aShi, Tianjian
700 _aLu, Jie
773 _aComparative Political Studies
908 _aN
909 _a100897
999 _c100896
_d100896